| 000 | 01344nam a22002177a 4500 | ||
|---|---|---|---|
| 003 | OSt | ||
| 005 | 20210209091140.0 | ||
| 008 | 210209b ||||| |||| 00| 0 spa d | ||
| 020 | _a9789585407060 | ||
| 040 | _cCO-MqBPB | ||
| 082 |
_aAN _bESPA |
||
| 100 | _aEspaña, Gonzalo | ||
| 245 | 3 |
_aLa última correría del sabio Mutis : _bUna aventura en el campo de las palabras y los idiomas/ _cGonzalo España |
|
| 260 |
_aBogotá , _bPenguin Random House, _c2017. |
||
| 300 |
_a138 pg, _bTapa Rústica, _c21 cm. |
||
| 500 | _a«Es mi voluntad que en un plazo de máximo seis meses, esas gramáticas indias, que se olvidaron en el envío hecho a mi padre, me sean enviadas a mí para remitírselas al sabio Pallas. La amistad entre Rusia y España puede afectarse seriamente si no cumplimos con este encargo. Nuestro reino podría sufrir serios tropiezos». Así, con estas palabras apremiantes del rey España, inicia la última aventura del sabio José Celestino Mutis, director de la Expedición Botánica que a sus 75 años, durante un extraño mes de agosto de 1807, emprende un viaje hacia lo desconocido para tratar de encontrar algo increíble: un lugar mágico donde viven las lenguas que ya nadie habla. | ||
| 650 |
_2Novela _zColombiana |
||
| 650 |
_2Novela _vHistorica |
||
| 650 | _2Mutis, José Célestino | ||
| 942 |
_2ddc _cBKLIT |
||
| 999 |
_c13059 _d13059 |
||